000
00287nam a22001337a 4500
008
210225b ||||| |||| 00| 0 eng d
020
_a
0029311101
041
_a
eng
080
_a
338
100
_a
53
101
_a
MEN
245
_a
Strategic Planning
_c
Steiner ,A.G
942
_2
udc
_c
BK
999
_c
55190
_d
55190